[Event "Online Olym Top DivC 2021"]
[Site "chess.com INT"]
[Date "2021.09.09"]
[Round "2.5"]
[Board "4"]
[White "Fernandez, Maria Florencia"]
[Black "Gutmakher, Olga"]
[Result "0-1"]
[WhiteTitle "WIM"]
[BlackTitle "WIM"]
[WhiteElo "2229"]
[BlackElo "2236"]
[WhiteTeam "Argentina"]
[BlackTeam "Israel"]
[WhiteFideId "116459"]
[BlackFideId "2807602"]
[EventDate "2021.09.09"]
[EventType "team"]

1. d4 d5 2. c4 dxc4 3. Nc3 a6 4. a4 Nc6 5. e3 Na5 6. Nf3 Nf6 7. Ne5 Be6 8. Be2
g6 9. O-O Bg7 10. f4 c6 11. g4 Bd5 12. f5 g5 13. Bd2 h6 14. Be1 Qb6 15. Rb1 Rd8
16. Bf2 Ne4 17. Qc2 Qb3 18. Qxb3 cxb3 19. Rbc1 O-O 20. Be1 Bxe5 21. Nxe4 Bxe4
22. Bxa5 Rxd4 23. exd4 Bxd4+ 24. Rf2 Bxb2 25. Rc3 Bxc3 26. Bxc3 b5 27. axb5 axb5
28. Bd1 Bd5 29. Bb4 Ra8 30. Bxb3 Bxb3 31. Bxe7 Ra1+ 32. Kg2 Bd5+ 33. Kg3 Re1 34.
Bc5 Rc1 35. Be3 Rg1+ 36. Kh3 Re1 37. Bb6 b4 38. Rb2 b3 39. Kg3 Rc1 40. Kf2 c5
41. Ke3 c4 42. Ba5 c3 43. Bxc3 Rxc3+ 44. Kd4 Rc2 45. Rb1 Rd2+ 46. Ke5 b2 47. Kf6
Ba2 48. Re1 b1=Q 49. Re8+ Kh7 50. h4 Qb6+ 51. Ke7 Qd6# 0-1

[Event "Online Olym Top DivC 2021"]
[Site "chess.com INT"]
[Date "2021.09.09"]
[Round "2.5"]
[Board "5"]
[White "Bronstein, Or"]
[Black "Coro, Lucas"]
[Result "1-0"]
[WhiteTitle "IM"]
[BlackTitle "IM"]
[WhiteElo "2484"]
[BlackElo "2352"]
[WhiteTeam "Israel"]
[BlackTeam "Argentina"]
[WhiteFideId "2815770"]
[BlackFideId "147222"]
[EventDate "2021.09.09"]
[EventType "team"]

1. d4 Nf6 2. c4 g6 3. Nc3 Bg7 4. e4 d6 5. Be2 O-O 6. Be3 Na6 7. Nf3 e5 8. O-O
Qe8 9. dxe5 dxe5 10. a3 c6 11. Qc2 Bg4 12. b4 Qe7 13. h3 Bxf3 14. Bxf3 Rfe8 15.
Rad1 Nc7 16. Bc5 Qe6 17. Na4 Qc8 18. Be3 b6 19. Nc3 Ne6 20. a4 h5 21. c5 Nd7 22.
cxb6 axb6 23. Be2 Nd4 24. Qb2 Nf8 25. Bc4 Nfe6 26. Ra1 Qc7 27. Ne2 Nxe2+ 28.
Qxe2 Nd4 29. Qb2 Red8 30. Rfc1 Bf6 31. b5 c5 32. Bd5 Rab8 33. Qa2 Kg7 34. Rf1
Rf8 35. Qd2 Kh7 36. Rac1 Qe7 37. Rb1 Bg7 38. Rfc1 Rfd8 39. a5 bxa5 40. b6 a4 41.
Qa2 Rd7 42. Rb2 Bh6 43. Qxa4 Rd6 44. b7 Qc7 45. Rc4 Rb6 46. Qa3 Rxb2 47. Qxb2
Qe7 48. Bxh6 Kxh6 49. Qd2+ Kg7 50. Qa5 Ne6 51. Qc3 Nf4 52. Kf1 f6 53. Rxc5 Nxd5
54. exd5 Rxb7 55. g3 Rd7 56. Qc4 Qd6 57. h4 Qb8 58. Rc8 Qb1+ 59. Kg2 Qb7 60. Qc6
Qa7 61. Qe6 Rf7 62. Qe8 1-0

[Event "Online Olym Top DivC 2021"]
[Site "chess.com INT"]
[Date "2021.09.09"]
[Round "2.5"]
[Board "6"]
[White "Francisco Guecamburu, Candela Be"]
[Black "Levitan, Ronit"]
[Result "1-0"]
[WhiteTitle "WFM"]
[BlackTitle "WCM"]
[WhiteElo "2034"]
[BlackElo "2171"]
[WhiteTeam "Argentina"]
[BlackTeam "Israel"]
[WhiteFideId "160911"]
[BlackFideId "2815109"]
[EventDate "2021.09.09"]
[EventType "team"]

1. e4 e5 2. Nf3 Nc6 3. Bb5 a6 4. Ba4 Nf6 5. d3 d6 6. c3 g6 7. Nbd2 Bg7 8. Nf1
O-O 9. Ne3 Nd7 10. Bc2 f5 11. h4 Nf6 12. Ng5 f4 13. Bb3+ Kh8 14. Nf7+ Rxf7 15.
Bxf7 fxe3 16. Bxe3 Qe7 17. Bb3 Be6 18. f3 d5 19. g4 dxe4 20. dxe4 Rd8 21. Qc1
Bxb3 22. axb3 Qe6 23. h5 Nxg4 24. fxg4 Qxg4 25. hxg6 Qxg6 26. Qc2 Qg4 27. Rg1
Qf3 28. Qe2 Qxe4 29. Rxg7 Nb4 30. Rg2 Rf8 31. cxb4 Qxb4+ 32. Kd1 Qxb3+ 33. Kc1
Rf6 34. Ra3 Rc6+ 35. Kb1 Qd5 36. Rd3 Qe4 37. Bg5 Qf5 38. Qf3 Qxf3 39. Rxf3 e4
40. Bf6+ 1-0

[Event "Online Olym Top DivC 2021"]
[Site "chess.com INT"]
[Date "2021.09.09"]
[Round "3.1"]
[Board "1"]
[White "Perez Ponsa, Federico"]
[Black "Mustaps, Matiss"]
[Result "1-0"]
[WhiteTitle "GM"]
[BlackTitle "FM"]
[WhiteElo "2554"]
[BlackElo "2356"]
[WhiteTeam "Argentina"]
[BlackTeam "Latvia"]
[WhiteFideId "117927"]
[BlackFideId "11602295"]
[EventDate "2021.09.09"]
[EventType "team"]

1. e4 c5 2. Nf3 d6 3. d4 cxd4 4. Nxd4 Nf6 5. Nc3 g6 6. Be3 Bg7 7. f3 O-O 8. Qd2
Nc6 9. O-O-O d5 10. Nxc6 bxc6 11. Bh6 Qa5 12. Bxg7 Kxg7 13. e5 Ng8 14. h4 Be6
15. h5 Rfd8 16. hxg6 fxg6 17. Rh4 Rab8 18. Ra4 Qc7 19. f4 c5 20. b3 c4 21. Qd4
Rb6 22. Rxc4 dxc4 23. Qxd8 Qc5 24. Qd4 Qa3+ 25. Kd2 cxb3 26. axb3 Rb4 27. Qe3
Nh6 28. Bd3 Qa5 29. g3 Ng4 30. Qg1 Rb8 31. Ra1 Qd8 32. Rxa7 Bf5 33. Qc5 Bxd3 34.
cxd3 Rxb3 35. Qxe7+ Qxe7 36. Rxe7+ Kf8 37. Rxh7 Rb2+ 38. Ke1 Ne3 39. Ne4 Rc2 40.
e6 Ng2+ 41. Kf1 Ne3+ 42. Kg1 Nd5 43. Rd7 Ne7 44. Ng5 Rd2 45. Nh7+ Ke8 46. Nf6+
Kf8 47. g4 Ra2 48. Nh7+ Ke8 49. f5 gxf5 50. gxf5 Ra1+ 51. Kf2 Ra2+ 52. Kf3 Ra1
53. f6 Rf1+ 54. Kg2 1-0

[Event "Online Olym Top DivC 2021"]
[Site "chess.com INT"]
[Date "2021.09.09"]
[Round "3.1"]
[Board "2"]
[White "Lavendelis, Egons"]
[Black "Peralta, Fernando"]
[Result "1/2-1/2"]
[WhiteTitle "FM"]
[BlackTitle "GM"]
[WhiteElo "2304"]
[BlackElo "2570"]
[WhiteTeam "Latvia"]
[BlackTeam "Argentina"]
[WhiteFideId "11601647"]
[BlackFideId "105309"]
[EventDate "2021.09.09"]
[EventType "team"]

1. e4 c6 2. d4 d5 3. Nc3 dxe4 4. Nxe4 Bf5 5. Nc5 Qb6 6. Bd3 Bxd3 7. Qxd3 e6 8.
Nb3 Nf6 9. Nf3 Nbd7 10. O-O Be7 11. Bf4 O-O 12. Rfd1 Rad8 13. c4 c5 14. Qe2 Rfe8
15. Be3 Qc7 16. dxc5 Nxc5 17. Nxc5 Bxc5 18. Bxc5 Qxc5 19. b3 a5 20. Rab1 h6 21.
h3 b6 22. Ne5 Qc7 23. a3 Rxd1+ 24. Rxd1 Rd8 25. Rxd8+ Qxd8 26. Qd3 Qe7 27. Nc6
Qc5 28. Qd8+ Kh7 29. Qd3+ Kg8 30. Qd8+ Kh7 31. Qd3+ Kg8 1/2-1/2

[Event "Online Olym Top DivC 2021"]
[Site "chess.com INT"]
[Date "2021.09.09"]
[Round "3.1"]
[Board "3"]
[White "Lujan, Carolina"]
[Black "Rogule, Laura"]
[Result "0-1"]
[WhiteTitle "IM"]
[BlackTitle "WGM"]
[WhiteElo "2340"]
[BlackElo "2286"]
[WhiteTeam "Argentina"]
[BlackTeam "Latvia"]
[WhiteFideId "109878"]
[BlackFideId "11601876"]
[EventDate "2021.09.09"]
[EventType "team"]

1. e4 c5 2. g3 d5 3. exd5 Qxd5 4. Nf3 Bg4 5. Bg2 Nc6 6. h3 Qe6+ 7. Kf1 Bh5 8. d3
Nf6 9. Nc3 Qd7 10. Bf4 h6 11. g4 Bg6 12. Ne5 Nxe5 13. Bxe5 h5 14. g5 Nh7 15. Qf3
Nxg5 16. Qxb7 Rc8 17. Nb5 f6 18. Nc7+ Kd8 19. Bc6 Rxc7 20. Bxc7+ Qxc7 21. Qb5 e5
22. Bg2 Bd6 23. h4 Ne6 24. Qc4 Ke7 25. a4 Rb8 26. b3 Rb4 27. Qd5 Nf4 28. Qg8
Nxg2 29. Qxg7+ Bf7 30. Qxg2 Rg4 31. Qf3 Qd7 32. Re1 Bc7 33. Qe3 Bd5 34. Qxc5+
Kf7 35. Rh2 Bb6 36. Qb5 Qb7 37. Ke2 Bf3+ 38. Kd2 a6 39. Qc4+ Rxc4 40. bxc4 Ba5+
41. c3 Qb2+ 42. Ke3 Qxc3 43. Kxf3 Qxe1 44. Rg2 Qd1+ 45. Ke3 Qd2+ 46. Ke4 Qe2+
47. Kd5 Qf3+ 0-1

[Event "Online Olym Top DivC 2021"]
[Site "chess.com INT"]
[Date "2021.09.09"]
[Round "3.1"]
[Board "4"]
[White "Vidruska, Renate"]
[Black "Borda Rodas, Anapaola S."]
[Result "1/2-1/2"]
[WhiteTitle "WFM"]
[BlackTitle "WFM"]
[WhiteElo "2000"]
[BlackElo "2162"]
[WhiteTeam "Latvia"]
[BlackTeam "Argentina"]
[WhiteFideId "11601841"]
[BlackFideId "152781"]
[EventDate "2021.09.09"]
[EventType "team"]

1. e4 e5 2. Nf3 Nc6 3. Nc3 Nf6 4. Bb5 d6 5. d4 Bd7 6. Bxc6 Bxc6 7. Qd3 exd4 8.
Nxd4 Bd7 9. f3 Be7 10. Be3 c5 11. Nde2 Qa5 12. O-O O-O 13. Nf4 Rfe8 14. Nfd5
Nxd5 15. Nxd5 Bf8 16. Rfd1 b5 17. c4 Rab8 18. b3 Be6 19. Bd2 bxc4 20. Qxc4 Qd8
21. Bc3 Qh4 22. Qd3 Rbc8 23. Rac1 Qg5 24. Bd2 Qg6 25. Bf4 f5 26. exf5 Bxf5 27.
Qd2 Qf7 28. Bg3 h6 29. Re1 Rcd8 30. Rcd1 Be6 31. Nf4 d5 32. Nxe6 Rxe6 33. Rxe6
Qxe6 34. Re1 Qf7 35. Qa5 Rd7 36. Qb5 d4 37. Qd3 Re7 38. Rxe7 Qxe7 39. h3 Qe6 40.
Kh2 Be7 41. a3 a6 42. b4 cxb4 43. axb4 Bxb4 44. Qxd4 Be7 1/2-1/2

[Event "Online Olym Top DivC 2021"]
[Site "chess.com INT"]
[Date "2021.09.09"]
[Round "3.1"]
[Board "5"]
[White "Kapitanchuk, Tomas"]
[Black "Golubovskis, Maksims"]
[Result "1-0"]
[WhiteTitle "FM"]
[BlackTitle "FM"]
[WhiteElo "2346"]
[BlackElo "2210"]
[WhiteTeam "Argentina"]
[BlackTeam "Latvia"]
[WhiteFideId "135046"]
[BlackFideId "11608528"]
[EventDate "2021.09.09"]
[EventType "team"]

1. e4 c5 2. Nf3 d6 3. Bb5+ Nd7 4. O-O a6 5. Bd3 Ngf6 6. Re1 e6 7. c3 b5 8. a4
Bb7 9. axb5 axb5 10. Rxa8 Qxa8 11. Na3 Bxe4 12. Bxe4 Nxe4 13. Nxb5 Qc6 14. Qa4
d5 15. d3 Nef6 16. Bf4 Nb6 17. Nc7+ Kd7 18. Ne5+ 1-0

[Event "Online Olym Top DivC 2021"]
[Site "chess.com INT"]
[Date "2021.09.09"]
[Round "3.1"]
[Board "6"]
[White "Golsta, Madara"]
[Black "Francisco Guecamburu, Candela Be"]
[Result "1-0"]
[BlackTitle "WFM"]
[WhiteElo "1967"]
[BlackElo "2034"]
[WhiteTeam "Latvia"]
[BlackTeam "Argentina"]
[WhiteFideId "11607386"]
[BlackFideId "160911"]
[EventDate "2021.09.09"]
[EventType "team"]

1. e4 c5 2. Nf3 g6 3. d4 cxd4 4. Nxd4 Bg7 5. c4 Nc6 6. Be3 Nf6 7. Nc3 d6 8. Be2
O-O 9. f3 Nxd4 10. Bxd4 Bd7 11. Qd2 a5 12. O-O-O a4 13. g4 Qa5 14. Kb1 Be6 15.
h4 Nd7 16. Bxg7 Kxg7 17. h5 Rh8 18. f4 f6 19. Rh2 g5 20. h6+ Kf8 21. e5 Ra6 22.
c5 Nxc5 23. Bxa6 Qxa6 24. exf6 exf6 25. fxg5 Bxg4 26. Qf4 Bxd1 27. Qxf6+ Ke8 28.
Qxh8+ Kd7 29. Qxh7+ Kc6 30. Nxd1 Qf1 31. Qc2 Kb6 32. h7 1-0

[Event "Online Olym Top DivC 2021"]
[Site "chess.com INT"]
[Date "2021.09.09"]
[Round "3.2"]
[Board "1"]
[White "Vocaturo, Daniele"]
[Black "Nabaty, Tamir"]
[Result "0-1"]
[WhiteTitle "GM"]
[BlackTitle "GM"]
[WhiteElo "2626"]
[BlackElo "2638"]
[WhiteTeam "Italy"]
[BlackTeam "Israel"]
[WhiteFideId "813192"]
[BlackFideId "2809052"]
[EventDate "2021.09.09"]
[EventType "team"]

1. d4 d5 2. Nf3 c5 3. c4 dxc4 4. e4 cxd4 5. Qxd4 Qxd4 6. Nxd4 a6 7. Bxc4 e5 8.
Nb3 Nf6 9. f3 b5 10. Be2 Nc6 11. Be3 Nb4 12. Na3 Be6 13. Nc5 Bxc5 14. Bxc5 Nxa2
15. O-O O-O-O 16. Rfd1 Rxd1+ 17. Rxd1 Rd8 18. Rxd8+ Kxd8 19. Nc2 Kc7 20. Kf2 Nc1
21. Bf1 Nb3 22. Be7 Nd7 23. Nb4 a5 24. Nd5+ Kc6 25. Bd8 Ndc5 26. Be7 Nd2 27. b4
Nxf1 28. Bxc5 Bxd5 29. exd5+ Kxd5 30. Kxf1 a4 31. Be3 Kc4 32. Bc1 Kb3 33. f4 a3 0-1

[Event "Online Olym Top DivC 2021"]
[Site "chess.com INT"]
[Date "2021.09.09"]
[Round "3.2"]
[Board "2"]
[White "Roiz, Michael"]
[Black "Moroni, Luca Jr"]
[Result "1/2-1/2"]
[WhiteTitle "GM"]
[BlackTitle "GM"]
[WhiteElo "2580"]
[BlackElo "2566"]
[WhiteTeam "Israel"]
[BlackTeam "Italy"]
[WhiteFideId "2804158"]
[BlackFideId "865834"]
[EventDate "2021.09.09"]
[EventType "team"]

1. Nf3 Nf6 2. g3 d5 3. Bg2 c5 4. O-O Nc6 5. d4 e6 6. c4 dxc4 7. Qa4 Bd7 8. Qxc4
cxd4 9. Nxd4 Rc8 10. Nc3 Nxd4 11. Qxd4 Bc5 12. Qd1 Bc6 13. Bg5 O-O 14. Qxd8
Rfxd8 15. Bxc6 Rxc6 16. Rfd1 Rdc8 17. Bxf6 gxf6 18. Rd7 R8c7 19. Rad1 f5 1/2-1/2

[Event "Online Olym Top DivC 2021"]
[Site "chess.com INT"]
[Date "2021.09.09"]
[Round "3.2"]
[Board "3"]
[White "Brunello, Marina"]
[Black "Shvayger, Yuliya"]
[Result "1-0"]
[WhiteTitle "IM"]
[BlackTitle "IM"]
[WhiteElo "2354"]
[BlackElo "2351"]
[WhiteTeam "Italy"]
[BlackTeam "Israel"]
[WhiteFideId "822590"]
[BlackFideId "14100126"]
[EventDate "2021.09.09"]
[EventType "team"]

1. e4 c5 2. Nf3 Nc6 3. d4 cxd4 4. Nxd4 e5 5. Nb5 d6 6. N1c3 a6 7. Na3 b5 8. Nd5
Nge7 9. c4 Nxd5 10. Qxd5 Bd7 11. Be3 b4 12. Nc2 Qc8 13. Qd2 a5 14. Be2 Be7 15.
O-O O-O 16. b3 Kh8 17. a3 Qb7 18. f4 bxa3 19. Nxa3 Nb4 20. Nb5 Bc6 21. Nc3 f5
22. Nd5 fxe4 23. Nxe7 Qxe7 24. fxe5 Rxf1+ 25. Bxf1 Qxe5 26. Bd4 Qe7 27. Bb6 Qe5
28. Bd4 Qe7 29. Bb6 h6 30. Rd1 Rb8 31. Bd4 Kh7 32. Bc3 Rd8 33. Bxb4 axb4 34.
Qxb4 e3 35. Re1 Qe4 36. Qc3 Kh8 37. Qxe3 Qg4 38. Qf2 Kg8 39. h3 Qg5 40. Qe3 Qh4
41. Rd1 Re8 42. Qf2 Qg5 43. Rxd6 Rf8 44. Qd2 Qf5 45. Rxc6 Qxf1+ 46. Kh2 Rf2 47.
Qd5+ Kh7 48. Qe4+ 1-0

[Event "Online Olym Top DivC 2021"]
[Site "chess.com INT"]
[Date "2021.09.09"]
[Round "3.2"]
[Board "4"]
[White "Klinova, Masha"]
[Black "Movileanu, Daniela"]
[Result "1-0"]
[WhiteTitle "IM"]
[BlackTitle "WIM"]
[WhiteElo "2263"]
[BlackElo "2239"]
[WhiteTeam "Israel"]
[BlackTeam "Italy"]
[WhiteFideId "2802015"]
[BlackFideId "873349"]
[EventDate "2021.09.09"]
[EventType "team"]

1. e4 c5 2. Nf3 d6 3. Bb5+ Nd7 4. O-O a6 5. Bxd7+ Bxd7 6. d4 cxd4 7. Qxd4 e5 8.
Qd3 h6 9. c4 Nf6 10. Nc3 Be7 11. a4 Rc8 12. b3 O-O 13. Ba3 Be6 14. Rfd1 Qa5 15.
Nd2 Rfd8 16. Nf1 Qb6 17. Ne3 Bf8 18. Ncd5 Bxd5 19. cxd5 g6 20. Nc4 Qa7 21. a5
Rc7 22. h3 Qb8 23. g3 Rcc8 24. Rac1 Nd7 25. Qe3 Kh7 26. Kg2 h5 27. Qf3 Kg8 28.
Rc3 b5 29. axb6 Nxb6 30. Na5 Rxc3 31. Qxc3 Rc8 32. Nc6 Qb7 33. Rc1 Kh7 34. Qf3
Bh6 35. Rc3 Qd7 36. Qd3 Ra8 37. Bb4 Nc8 38. Qc2 Nb6 39. Ba5 Qb7 40. Nb4 Nd7 41.
Rc7 Qb5 42. Nc6 Nc5 43. Rxf7+ Kg8 44. Rc7 Bf8 45. b4 Nd3 46. Qd2 Re8 47. Na7 Bh6
48. Nxb5 Bxd2 49. Nxd6 Rf8 50. f3 Ne1+ 51. Kf1 Nxf3 52. Ke2 Bh6 53. Nc4 Nd4+ 54.
Ke1 Nc2+ 55. Kd1 Rf2 56. Bb6 Rg2 57. d6 Bg5 58. d7 Nxb4 59. Rc8+ Kg7 60. d8=Q
Bxd8 61. Bxd8 Rxg3 62. h4 Rd3+ 63. Ke2 Rd4 64. Kf3 Nd3 65. Bg5 Ne1+ 66. Ke3 Nc2+
67. Kf3 Ne1+ 68. Kf2 Rxe4 69. Rc7+ Kg8 70. Nd6 Nd3+ 71. Kf3 Re1 72. Nf7 e4+ 73.
Kg2 Re2+ 74. Kg3 Ne1 75. Ne5 Rg2+ 76. Kh3 Rg1 77. Bf6 Rg2 78. Rc8+ Kh7 79. Rh8# 1-0

[Event "Online Olym Top DivC 2021"]
[Site "chess.com INT"]
[Date "2021.09.09"]
[Round "3.2"]
[Board "5"]
[White "Sonis, Francesco"]
[Black "Bronstein, Or"]
[Result "1-0"]
[WhiteTitle "IM"]
[BlackTitle "IM"]
[WhiteElo "2523"]
[BlackElo "2484"]
[WhiteTeam "Italy"]
[BlackTeam "Israel"]
[WhiteFideId "895733"]
[BlackFideId "2815770"]
[EventDate "2021.09.09"]
[EventType "team"]

1. Nf3 d5 2. c4 d4 3. g3 Nc6 4. Bg2 e5 5. d3 a5 6. O-O Nf6 7. e3 Be7 8. exd4
exd4 9. Na3 O-O 10. Bf4 Nh5 11. Bd2 Bb4 12. Nb5 Bf5 13. Nh4 Bg6 14. Nxg6 hxg6
15. Re1 Qd7 16. a3 Bxd2 17. Qxd2 a4 18. Qg5 Nf6 19. Qf4 Rac8 20. Qh4 Rce8 21.
Bh3 Qd8 22. Qf4 Rxe1+ 23. Rxe1 Re8 24. Rxe8+ Nxe8 25. Bg2 g5 26. Qf5 Nd6 27.
Nxd6 cxd6 28. Be4 g6 29. Qb5 Qa5 30. Qxb7 Qe1+ 31. Kg2 Ne5 32. Qb8+ Kh7 33. Qxd6
Nxc4 34. Bxg6+ fxg6 35. Qc7+ Kh6 36. Qxc4 Qe5 37. Qg8 g4 38. Qf8+ Kh7 39. Qf4
Qd5+ 40. Kg1 Qc6 41. Qxd4 Qc1+ 42. Kg2 Qd1 43. Qe4 Kg7 44. d4 Kh7 45. d5 Qd2 46.
Qxg4 Qxd5+ 47. Qf3 Qd4 48. Qb7+ Kh6 49. h4 Qd2 50. Qa8 Qd4 51. Qb8 Qe4+ 52. Kh2
Qe2 53. Qh8# 1-0

[Event "Online Olym Top DivC 2021"]
[Site "chess.com INT"]
[Date "2021.09.09"]
[Round "3.2"]
[Board "6"]
[White "Katkov, Michelle"]
[Black "Grimaldi, Angela Flavia"]
[Result "1-0"]
[WhiteTitle "WFM"]
[BlackTitle "WFM"]
[WhiteElo "2051"]
[BlackElo "2078"]
[WhiteTeam "Israel"]
[BlackTeam "Italy"]
[WhiteFideId "2816393"]
[BlackFideId "2805214"]
[EventDate "2021.09.09"]
[EventType "team"]

1. e4 c5 2. c3 d5 3. exd5 Qxd5 4. d4 g6 5. Nf3 Bg7 6. Be3 cxd4 7. cxd4 Qa5+ 8.
Nc3 Nf6 9. Bc4 O-O 10. O-O Bg4 11. h3 Bxf3 12. Qxf3 Nc6 13. Bb3 Rac8 14. Rad1 b5
15. Rfe1 Rfd8 16. Qe2 b4 17. Na4 Nd5 18. Nc5 Qb6 19. Qf3 e6 20. Na4 Qa5 21. Nc5
Qb6 22. Na4 Qc7 23. Qg4 Na5 24. Bg5 Rd6 25. Rc1 Qb8 26. Rxc8+ Qxc8 27. Rc1 Rc6
28. Nc5 Nxb3 29. axb3 Bf8 30. Ra1 Bxc5 31. dxc5 Rxc5 32. Rxa7 Rc7 33. Ra1 f6 34.
Bh6 e5 35. Qf3 Rd7 36. Rd1 Qd8 37. Qg4 Nb6 38. Qe6+ Kh8 39. Rxd7 Nxd7 40. Qf7
Qg8 41. Qxd7 g5 42. Qf5 1-0

[Event "Online Olym Top DivC 2021"]
[Site "chess.com INT"]
[Date "2021.09.09"]
[Round "3.3"]
[Board "1"]
[White "Santos Latasa, Jaime"]
[Black "Vazquez, Guillermo"]
[Result "1/2-1/2"]
[WhiteTitle "GM"]
[BlackTitle "IM"]
[WhiteElo "2627"]
[BlackElo "2534"]
[WhiteTeam "Spain"]
[BlackTeam "Paraguay"]
[WhiteFideId "2293307"]
[BlackFideId "3702308"]
[EventDate "2021.09.09"]
[EventType "team"]

1. d4 Nf6 2. Nf3 d5 3. Bf4 c5 4. e3 Nc6 5. Nbd2 Qb6 6. dxc5 Qxb2 7. c4 e6 8.
cxd5 Nxd5 9. Rb1 Qa3 10. Bb5 Nc3 11. Bxc6+ bxc6 12. Rb3 Qxc5 13. Qa1 Nd5 14. O-O
Nxf4 15. exf4 f6 16. Re1 Kf7 17. Nd4 Qd5 18. Ne4 Be7 19. Rbe3 Rd8 20. Nxe6 Bxe6
21. Nc3 Qc4 22. Rxe6 Bb4 23. R6e3 Rd3 24. Rxd3 Qxd3 25. Rc1 Re8 26. h3 Qd4 27.
Qb2 Qxf4 28. Rd1 Kg8 29. Qb3+ Kh8 30. Ne2 Qe5 31. Nd4 Bc5 32. Nxc6 Qe2 33. Rf1
Qe4 34. Qb5 Bb6 35. a4 Rc8 36. Nb4 h6 37. Nd3 Rd8 38. Ne1 Rd5 39. Qc6 Bxf2+ 40.
Rxf2 Qxe1+ 41. Rf1 Qe3+ 42. Kh1 Rd8 43. a5 Qe2 44. Rg1 Kh7 45. Qc7 Rd3 46. Qxa7
Qe4 47. Kh2 Qe5+ 48. Kh1 Qe4 49. Kh2 Qe5+ 50. Kh1 Ra3 51. a6 Qd5 52. Kh2 Qd6+
53. Kh1 Qd5 54. Kh2 Qd6+ 55. Kh1 Rxa6 56. Qe3 Qd5 57. Qe2 Ra3 58. Kh2 Qd6+ 59.
Kh1 Qd5 60. Kh2 Ra2 61. Rd1 Qe5+ 62. Qxe5 fxe5 63. Rd5 Re2 64. Kg3 e4 65. Rd6 h5
66. Re6 h4+ 67. Kxh4 Rxg2 68. Rxe4 Kh6 69. Rg4 g5+ 70. Rxg5 Rxg5 1/2-1/2

[Event "Online Olym Top DivC 2021"]
[Site "chess.com INT"]
[Date "2021.09.09"]
[Round "3.3"]
[Board "2"]
[White "Benitez Galeano, Alejandro"]
[Black "Salgado Lopez, Ivan"]
[Result "0-1"]
[WhiteTitle "FM"]
[BlackTitle "GM"]
[WhiteElo "2201"]
[BlackElo "2604"]
[WhiteTeam "Paraguay"]
[BlackTeam "Spain"]
[WhiteFideId "3703568"]
[BlackFideId "2257327"]
[EventDate "2021.09.09"]
[EventType "team"]

1. Nf3 d5 2. c4 e6 3. e3 Nf6 4. b3 Bd6 5. Bb2 O-O 6. Nc3 Re8 7. d4 b6 8. Rc1 a6
9. Bd3 Bb7 10. O-O Nbd7 11. Re1 dxc4 12. bxc4 c5 13. Bb1 cxd4 14. exd4 Bf4 15.
Rc2 Rc8 16. Qd3 Nc5 17. Qe2 Nce4 18. Nxe4 Bxe4 19. Rc3 Bxb1 20. Rxb1 Qd7 21. g3
Bc7 22. Rd1 Red8 23. Ne5 Bxe5 24. Qxe5 Qa4 25. Qe2 b5 26. c5 Rxd4 27. Rxd4 Qxd4
28. Rf3 Qe4 29. Re3 Qc4 30. Qf3 Nd5 31. Re4 Qxa2 32. Bd4 Qd2 33. Qh5 Qh6 34. Qe5
Qg6 35. c6 h5 36. Rh4 Nf6 37. Rf4 Rxc6 38. Qb8+ Kh7 39. Qb7 Rc4 40. Qf3 e5 41.
Bxe5 Rxf4 42. Qxf4 Qb1+ 0-1

[Event "Online Olym Top DivC 2021"]
[Site "chess.com INT"]
[Date "2021.09.09"]
[Round "3.3"]
[Board "3"]
[White "Matnadze, Ana"]
[Black "Perez Rodriguez, Jennifer"]
[Result "1/2-1/2"]
[WhiteTitle "IM"]
[BlackTitle "WIM"]
[WhiteElo "2418"]
[BlackElo "2251"]
[WhiteTeam "Spain"]
[BlackTeam "Paraguay"]
[WhiteFideId "13601377"]
[BlackFideId "3507831"]
[EventDate "2021.09.09"]
[EventType "team"]

1. d4 Nf6 2. Nf3 e6 3. c4 d5 4. g3 Be7 5. Bg2 O-O 6. O-O dxc4 7. a4 a6 8. Qc2
Bd7 9. Qxc4 Bc6 10. Nc3 a5 11. Rd1 Na6 12. Ne5 Bxg2 13. Kxg2 Nb4 14. e4 c6 15.
Bf4 Qb6 16. Rac1 Rfd8 17. Be3 Qa6 18. Qb3 Rac8 19. Qc4 Ra8 20. h3 Nd7 21. Qxa6
Nxa6 22. Nc4 Nb4 23. Bf4 Rdc8 24. h4 f6 25. h5 h6 26. Bd6 Kf7 27. b3 Ra6 28. Ne2
Nb6 29. Nxb6 Rxb6 30. Bc5 Ra6 31. Nf4 Raa8 32. Ng6 Bxc5 33. dxc5 Rd8 34. Rd6
Rxd6 35. cxd6 e5 36. f4 Ke6 37. fxe5 fxe5 38. Rc5 Nd3 39. Rc3 Nb4 40. d7 Rd8 41.
Rc5 Nd3 42. Rxa5 Kf6 43. Kf3 Rxd7 44. Ke3 c5 45. Ra8 Kg5 46. Re8 Kxh5 47. Nxe5
Nxe5 48. Rxe5+ Kg4 49. Rxc5 Kxg3 50. e5 Re7 51. Ke4 h5 52. Rc3+ Kg4 53. Rc1 h4
54. Rg1+ Kh5 55. Kf5 Rf7+ 56. Ke6 Rc7 57. Kd6 Rc6+ 58. Kd5 g5 59. e6 g4 60. e7
Rc8 61. Rf1 Re8 62. Ke6 g3 63. Rf8 Rxe7+ 64. Kxe7 g2 65. Rg8 h3 66. Kf6 h2 67.
Kf5 Kh6 68. Kf6 Kh7 69. Rg7+ Kh8 70. Rxg2 h1=Q 71. Rg5 Qf3+ 72. Rf5 Qc3+ 73. Kg6
Qg3+ 74. Kh6 Qd6+ 75. Kg5 Kg7 76. Rb5 Qc6 77. Kf5 Kf7 78. Ke5 Ke7 79. Kd4 Kd7
80. Ke5 Qc3+ 81. Kd5 Qd3+ 82. Ke5 Kc6 83. Kf4 Qxb5 84. axb5+ Kxb5 85. Ke4 Kb4
86. Kd5 Kxb3 87. Kc5 Ka4 88. Kb6 Kb4 89. Kxb7 1/2-1/2

[Event "Online Olym Top DivC 2021"]
[Site "chess.com INT"]
[Date "2021.09.09"]
[Round "3.3"]
[Board "4"]
[White "Vargas, Gabriela"]
[Black "Garcia Martin, Marta"]
[Result "1-0"]
[WhiteTitle "WIM"]
[BlackTitle "IM"]
[WhiteElo "2152"]
[BlackElo "2308"]
[WhiteTeam "Paraguay"]
[BlackTeam "Spain"]
[WhiteFideId "3700860"]
[BlackFideId "32084030"]
[EventDate "2021.09.09"]
[EventType "team"]

1. d4 d5 2. Nf3 Nf6 3. Bg5 e6 4. c3 c5 5. e3 Nc6 6. Nbd2 h6 7. Bh4 Be7 8. Bd3
O-O 9. O-O b6 10. Ne5 Bb7 11. f4 Ne4 12. Bxe7 Nxe7 13. Qc2 Nf5 14. Rae1 Nfd6 15.
Bxe4 Nxe4 16. Nxe4 dxe4 17. dxc5 bxc5 18. Rd1 Qa5 19. Rd7 Rab8 20. b3 f6 21. Ng6
Rf7 22. Rfd1 Bd5 23. Ne7+ Kf8 24. R1xd5 exd5 25. Nc6 Qb5 26. Nxb8 Rxd7 27. Nxd7+
Qxd7 28. Kf2 f5 29. b4 Qb5 30. Qe2 Qb6 31. Qd2 cxb4 32. cxb4 Qc6 33. a4 Kg8 34.
b5 Qc4 35. Qd4 Qa2+ 36. Kg3 g5 37. fxg5 hxg5 38. Qf6 f4+ 39. exf4 gxf4+ 40. Qxf4
Qxa4 41. Qg5+ Kh7 42. Qh5+ Kg7 43. Qe5+ Kh7 44. Qxd5 Kg7 45. h4 Qb4 46. Qe5+ Kh7
47. h5 Qe1+ 48. Kg4 Qe2+ 49. Kf4 Qf2+ 50. Kxe4 Qxg2+ 51. Kd4 Qb2+ 52. Ke4 Qg2+
53. Kd3 Qf3+ 54. Kc4 Qg4+ 55. Kd5 Qd7+ 56. Kc4 Qg4+ 57. Kc5 Qc8+ 58. Kb4 Qf8+
59. Qc5 Qf4+ 60. Ka5 Qd2+ 61. Ka6 Qa2+ 62. Kb7 Kh6 63. Qf5 Kg7 64. Qg6+ Kf8 65.
Qf6+ Kg8 66. h6 Qd5+ 67. Kxa7 Qd7+ 68. Kb6 1-0